Chemical reaction engineering / (Record no. 12918)
[ view plain ]
| 000 -LEADER | |
|---|---|
| fixed length control field | 01033cam a22002895a 4500 |
| 005 - DATE AND TIME OF LATEST TRANSACTION | |
| control field | 20180919144720.0 |
| 008 - FIXED-LENGTH DATA ELEMENTS--GENERAL INFORMATION | |
| fixed length control field | 090817r20082004ii a fr 001 0 eng d |
| 020 ## - INTERNATIONAL STANDARD BOOK NUMBER | |
| International Standard Book Number | 9780471254249 (hardbook) |
| 020 ## - INTERNATIONAL STANDARD BOOK NUMBER | |
| International Standard Book Number | 9788126510009 (Indian ed.) |
| 020 ## - INTERNATIONAL STANDARD BOOK NUMBER | |
| International Standard Book Number | 9971512416 (Singapore ed.) |
| 040 ## - CATALOGING SOURCE | |
| Original cataloging agency | EG-ScBUE |
| Language of cataloging | eng |
| Transcribing agency | EG-ScBUE |
| Modifying agency | EG-ScBUE |
| 082 04 - DEWEY DECIMAL CLASSIFICATION NUMBER | |
| Classification number | 660.2832 |
| Item number | LEV |
| Edition number | 22 |
| 100 1# - MAIN ENTRY--PERSONAL NAME | |
| Personal name | Levenspiel, Octave. |
| 9 (RLIN) | 8467 |
| 245 10 - TITLE STATEMENT | |
| Title | Chemical reaction engineering / |
| Statement of responsibility, etc | Octave Levenspiel. |
| 250 ## - EDITION STATEMENT | |
| Edition statement | 3rd ed., Reprinted ed. |
| 260 ## - PUBLICATION, DISTRIBUTION, ETC. (IMPRINT) | |
| Place of publication, distribution, etc | New Delhi : |
| Name of publisher, distributor, etc | John Wiley & Sons India ; |
| Place of publication, distribution, etc | Singapore : |
| Name of publisher, distributor, etc | John Wiley & Sons (Asia) ; |
| Place of publication, distribution, etc | Hoboken : |
| Name of publisher, distributor, etc | John Wiley & Sons, |
| Date of publication, distribution, etc | 2008. |
| 300 ## - PHYSICAL DESCRIPTION | |
| Extent | xvi, 668 p. : |
| Other physical details | ill. ; |
| Dimensions | 26 cm. |
| 500 ## - GENERAL NOTE | |
| General note | Includes indexes. |
| 500 ## - GENERAL NOTE | |
| General note | Wiley Indian ed. 2008. |
| 500 ## - GENERAL NOTE | |
| General note | Wiley Singapore ed. 2002. |
| 500 ## - GENERAL NOTE | |
| General note | Wiley American ed. 1999. |
| 650 #7 - SUBJECT ADDED ENTRY--TOPICAL TERM | |
| Topical term or geographic name as entry element | Chemical reactors. |
| Source of heading or term | BUEsh |
| 9 (RLIN) | 8468 |
| 650 #7 - SUBJECT ADDED ENTRY--TOPICAL TERM | |
| Topical term or geographic name as entry element | Chemical reactions. |
| Source of heading or term | BUEsh |
| 9 (RLIN) | 36417 |
| 651 ## - SUBJECT ADDED ENTRY--GEOGRAPHIC NAME | |
| Source of heading or term | BUEsh |
| 653 ## - INDEX TERM--UNCONTROLLED | |
| Resource For college | Engineering, Chemical |
| Arrived date list | August2015 |
| -- | September2018 |
| 942 ## - ADDED ENTRY ELEMENTS (KOHA) | |
| Source of classification or shelving scheme | Dewey Decimal Classification |
| Withdrawn status | Item status | Source of classification or shelving scheme | Damaged status | Not for loan | Vendor | Home library | Current library | Shelving location | Date acquired | Source of acquisition | Cost, normal purchase price | Serial Enumeration / chronology | Total Checkouts | Total Renewals | Full call number | Barcode | Date last seen | Date last borrowed | Koha item type |
|---|---|---|---|---|---|---|---|---|---|---|---|---|---|---|---|---|---|---|---|
| Dewey Decimal Classification | Baccah | Central Library | Central Library | First floor | 17/11/2009 | Purchase | 742.00 | 9014 | 3 | 21 | 660.2832 LEV | 000030502 | 15/07/2025 | 13/12/2015 | Book - Borrowing | ||||
| Dewey Decimal Classification | Alahram | Central Library | Central Library | First floor | 04/08/2015 | Purchase | 130.00 | 351 | 1 | 1 | 660.2832 LEV | 000030503 | 15/07/2025 | 11/02/2020 | Book - Borrowing | ||||
| Dewey Decimal Classification | unknown | Central Library | Central Library | First floor | 04/08/2015 | Purchase | 660.2832 LEV | 000030494 | 15/07/2025 | Book - Borrowing |